00333nam a2200121Ia 4500008004100000041000800041082001400049100002100063245004500084260003900129300003200168365001100200240624s9999 xx 000 0 und d aeng a658.4 SUG aSUGARS BRADLEY J aBUSINESS COACH A PARABLE OF SMALL BUSINE c2007aNew DelhibTata McGraw- Hill axvii, : 225 : p. : cm. ; 22 cRSb20